00957naa#a2200169#i#4500001001600000005001700016011001400033100004100047102000700088200020900095210020500304215001000509608004500519675014100564700005200705856003000757RU\\bibl\12344720260705205821.7##a1994-4683##a20230731b2023####ek#y0rusy0150####ca##aRU1#aУСЛОВИЯ РАЗВИТИЯ ВОЛЕВЫХ КАЧЕСТВ ПОДРОСТКОВ, СПОСОБСТВУЮЩИХ ДОСТИЖЕНИЮ СПОРТИВНЫХ УСПЕХОВeЖурнальная статья1#aМоскваcНациональный государственный Университет физической культуры, спорта и здоровья им. П.Ф. Лесгафтаd2023##a5 с.##aЖурнальная статья2local##aПсихологические исследования, опыты, эксперименты, тесты, измерения. 159.9.072#1aКарякинgРоман Евгеньевич4#auchzapiski.lesgaft.spb.ru